INTEGRATIVE AND ECLECTIC COUNSELLING AND PSYCHOTHERAPY (Record no. 20948)
[ view plain ]
| 000 -LEADER | |
|---|---|
| fixed length control field | 00380nam a22001577a 4500 |
| 003 - CONTROL NUMBER IDENTIFIER | |
| control field | SGT |
| 020 ## - INTERNATIONAL STANDARD BOOK NUMBER | |
| International Standard Book Number | 9780761957997 |
| 082 ## - DEWEY DECIMAL CLASSIFICATION NUMBER | |
| Classification number | 616.8914,PAL |
| 100 ## - MAIN ENTRY--PERSONAL NAME | |
| Personal name | PALMER,STEPHEN |
| 245 ## - TITLE STATEMENT | |
| Title | INTEGRATIVE AND ECLECTIC COUNSELLING AND PSYCHOTHERAPY |
| 250 ## - EDITION STATEMENT | |
| Edition statement | 1ST |
| 260 ## - PUBLICATION, DISTRIBUTION, ETC. (IMPRINT) | |
| Place of publication, distribution, etc | NEW DELHI |
| Name of publisher, distributor, etc | SAGE PUBLICATION |
| Year of Publication | 2009 |
| 300 ## - PAGE DESCRIPTION | |
| No. of Pages | 352 |
| 650 ## - SUBJECT ADDED ENTRY--TOPICAL TERM | |
| Topical term or geographic name as entry element | PSYCHOLOGY |
| 942 ## - ADDED ENTRY ELEMENTS (KOHA) | |
| Source of classification or shelving scheme | Dewey Decimal Classification |
| Koha item type | Books |
| 942 ## - ADDED ENTRY ELEMENTS (KOHA) | |
| -- | 12 |
| Withdrawn status | Lost status | Source of classification or shelving scheme | Damaged status | Use restrictions | Not for loan | Collection code | Home library | Current library | Shelving location | Date acquired | Vendor Name | Cost, normal purchase price | SGTU | Bill Number | Full call number | Accession No. (Barcode) | Date last seen | Bill Date | Koha item type | Total Checkouts | Date last borrowed |
|---|---|---|---|---|---|---|---|---|---|---|---|---|---|---|---|---|---|---|---|---|---|
| Dewey Decimal Classification | Restricted Access | Not For Loan | ENGINEERING | SGT Engineering Library | SGT Engineering Library | Reference Book | 10/03/2021 | AHUJA BOOK COMPANY | 3572.00 | SGTU | 12772 | 616.8914,PAL | FE8126 | 10/03/2021 | 26/02/2021 | Books | |||||
| Dewey Decimal Classification | ENGINEERING | SGT Engineering Library | SGT Engineering Library | Text Book | 10/03/2021 | AHUJA BOOK COMPANY | 3572.00 | SGTU | 12772 | 616.8914,PAL | FE8127 | 14/10/2024 | 26/02/2021 | Books | 12 | 14/10/2024 |